| 000 | 01138nac a22003617a 4500 | ||
|---|---|---|---|
| 001 | BR2012001434 | ||
| 003 | BR-BrBNA | ||
| 005 | 20240105123937.0 | ||
| 008 | 230509b bl.|||m| |||| 00| 0 por d | ||
| 040 |
_aBR-BrBNA _bpor _cBiblioteca Nacional de Agricultura |
||
| 072 | _aH20; P34 | ||
| 090 | _a2320 BR2012001434 | ||
| 100 | 1 | _aDuarte, M. de L.R. | |
| 100 | 1 | _aChu, E.Y. | |
| 100 | 1 | _aTabaranã, M.G.F. | |
| 100 | 1 | _aTremacoldi, C.R. | |
| 110 | 1 | _aEMBRAPA Amazônia Oriental, Belém. PA (Brasil) | |
| 245 | 1 | _aEfeito de fungicidas sistêmicos na micorrização de raízes de mudas de pimenteira-do-reino | |
| 260 | 3 |
_aBelém, PA (Brasil): _c2006. |
|
| 300 | _a18 p. | ||
| 490 |
_aBoletim de Pesquisa e Desenvolvimento - EMBRAPA Amazônia Oriental (Brazil) _vno. 58 _xISSN 1676-5265 |
||
| 500 | _aSummaries (En, Pt); 15 ref. | ||
| 650 | _aPIMENTA DO REINO | ||
| 650 | _aMUDA | ||
| 650 | _aMICORRIZA | ||
| 650 | _aRAIZ | ||
| 650 | _aFUNGICIDA SISTÊMICO | ||
| 650 | _aFUNGO | ||
| 650 | _aCONTROLE QUÍMICO | ||
| 650 | _aSIMBIOSE | ||
| 909 |
_a202312 _bLúcia Elande _c55 _dLúcia Elande |
||
| 942 |
_2AGRIS _n0 _cMS |
||
| 999 |
_c297666 _d297666 |
||